000 00389nam a2200145Ia 4500
008 151213s9999 xx 000 0 und d
100 _aCharles Dickens
245 _aChristmas Stories
_cCharles Dickens
260 _aNew York
_bChapman & Haau. Ltd.
_c1911
300 _a8495 p.
650 _aEnglish Literature
650 _aEnglish Literature
700 _aCharles Dickens
999 _c4332
_d4332